000 00352 a2200169 4500
001 170468
020 _a85-262-3433-1
040 _cMagnum
100 _aStefanovits, Ângelo a
240 1 0 _aWerther
_lpor
245 1 0 _aWerther
300 _a87
362 0 _a1998
440 1 _aScipione
697 _aLITERATURA JUVENIL ESTRANGEIRA
942 _cBK
999 _c170468
_d170468